[Event "Gausdal"]
[Site "?"]
[Date "1976.08.??"]
[Round "8"]
[White "Rosenlund Thorbjorn (DEN)"]
[Black "Farago Ivan (HUN)"]
[Result "1/2-1/2"]
[WhiteElo "2330"]
[BlackElo "2420"]
[PlyCount "69"]
[EventDate "1976.??.??"]
[Source "www.chesslib.no"]
[SourceDate "2004.05.04"]

1. d4 e6 2. Nf3 f5 3. g3 Nf6 4. Bg2 Be7 5. O-O O-O 6. c4 d6 7. Nc3 Qe8 8. Re1 d5 9. Ne5 c6 10. Qb3 Nbd7 11. Nxd7 Qxd7 12. Bf4 b6 13. cxd5 cxd5 14. a4 Ba6 15. Nb5 Rac8 16. Rec1 Ne4 17. h4 h6 18. Rxc8 Rxc8 19. Rc1 Rxc1+ 20. Bxc1 Bxb5 21. Qxb5 Qxb5 22. axb5 Nd6 23. Bf4 Nxb5 24. e3 Kf7 25. Bf1 Nd6 26. Bxd6 Bxd6 27. f4 g5 28. hxg5 hxg5 29. Kf2 g4 30. Bb5 Bb4 31. Ke2 Ke7 32. Ba6 Kd6 33. Bb5 Kc7 34. Kd1 Kd6 35. Ke2 1/2-1/2

[Event "Andaluzia-chT"]
[Site "?"]
[Date "1999.10.23"]
[Round "3"]
[White "Suba Mihail"]
[Black "Sanchez Jimenez Juan Carlos"]
[Result "0-1"]
[WhiteElo "2509"]
[BlackElo "2240"]
[PlyCount "52"]
[EventDate "1999.??.??"]
[Source "www.chesslib.no"]
[SourceDate "2004.05.04"]

1. c4 f5 2. g3 Nf6 3. Nc3 e6 4. Nf3 Be7 5. Bg2 d6 6. d4 O-O 7. O-O Qe8 8. Re1 Qg6 9. e4 fxe4 10. Nxe4 Nxe4 11. Rxe4 Nc6 12. Qe2 Bf6 13. Bd2 e5 14. dxe5 dxe5 15. Bc3 Bf5 16. Nh4 Bxh4 17. Rxh4 Rae8 18. Bd5+ Kh8 19. Qe3 Nd4 20. Bxd4 exd4 21. Qxd4 c6 22. Bg2 Rd8 23. Qxa7 Bb1 24. h3 Qc2 25. Qxb7 Qxf2+ 26. Kh2 Rd1 0-1

[Event "Ballerup"]
[Site "Ballerup"]
[Date "1985.??.??"]
[Round "5"]
[White "Halasz, Tamas"]
[Black "Forgacs, Gyula"]
[Result "1-0"]
[WhiteElo "2350"]
[BlackElo "2395"]
[PlyCount "41"]
[EventDate "1985.??.??"]
[Source "ChessBase"]

1. Nf3 f5 2. g3 Nf6 3. Bg2 e6 4. O-O Be7 5. d4 O-O 6. c4 d6 7. Nc3 Qe8 8. Re1 Qg6 9. e4 fxe4 10. Nxe4 Nxe4 11. Rxe4 e5 12. Re1 Nc6 13. dxe5 Bg4 14. exd6 Bxd6 15. h3 Be6 16. Qe2 Rae8 17. Be3 Qh5 18. g4 Qa5 19. Ng5 Kh8 20. c5 Bxc5 21. Qc2 1-0

[Event "CZE Team Ch 9495"]
[Site "Czech Republic"]
[Date "1995.??.??"]
[Round "4"]
[White "Voloshin, Leonid"]
[Black "Polasek, Jaroslav"]
[Result "1-0"]
[WhiteElo "2435"]
[BlackElo "2305"]
[PlyCount "67"]
[EventDate "1994.??.??"]
[Source "www.chesslib.no"]
[SourceDate "2004.05.04"]

1. d4 f5 2. c4 Nf6 3. g3 e6 4. Bg2 Be7 5. Nf3 O-O 6. O-O d6 7. Nc3 Qe8 8. Bg5 Ne4 9. Bxe7 Nxc3 10. bxc3 Qxe7 11. Rb1 Nc6 12. e3 Rb8 13. Ne1 Na5 14. c5 dxc5 15. Nd3 b6 16. Nxc5 Bb7 17. Nxb7 Nxb7 18. Qa4 Na5 19. Rb5 Rbc8 20. Re5 c5 21. d5 Qf6 22. Rxe6 Qxc3 23. d6 Rcd8 24. d7 Qc4 25. Qxc4 Nxc4 26. Bd5 b5 27. Re7+ Kh8 28. Bxc4 bxc4 29. Rc1 h6 30. Rxc4 Kh7 31. Rxc5 Kg6 32. Rc6+ Rf6 33. Rc8 Rff8 34. Re8 1-0

[Event "Moscow op2"]
[Site "Moscow"]
[Date "1995.??.??"]
[Round "5"]
[White "Guliev, Sarhan"]
[Black "Zhurina, Elizaveta"]
[Result "1-0"]
[WhiteElo "2495"]
[BlackElo "2240"]
[PlyCount "55"]
[EventDate "1995.11.??"]
[Source "ChessBase"]

1. d4 f5 2. Nf3 Nf6 3. g3 e6 4. Bg2 Be7 5. O-O O-O 6. c4 d6 7. Nc3 Qe8 8. Re1 Qg6 9. e4 fxe4 10. Nxe4 Nxe4 11. Rxe4 Nc6 12. Qe1 Bf6 13. Bf4 d5 14. Re2 dxc4 15. Rd1 a5 16. Bxc7 Ra6 17. Ne5 Bxe5 18. dxe5 b5 19. Bd6 Re8 20. Qc3 Nb4 21. Bxb4 axb4 22. Qxb4 Rxa2 23. Bc6 Rf8 24. Bxb5 Bb7 25. Bxc4 Bf3 26. Bxa2 Bxe2 27. Rd6 Bg4 28. Qxg4 1-0

[Event "SVK Ch"]
[Site "Trnava SVK"]
[Date "1988.??.??"]
[Round "11"]
[White "Tibensky, Robert"]
[Black "Salai, Ladislav"]
[Result "1/2-1/2"]
[WhiteElo "2390"]
[BlackElo "2340"]
[PlyCount "79"]
[EventDate "1988.??.??"]
[Source "www.chesslib.no"]
[SourceDate "2004.05.04"]

1. d4 f5 2. Nf3 Nf6 3. g3 e6 4. Bg2 Be7 5. O-O O-O 6. c4 d6 7. Nc3 Qe8 8. Re1 Qg6 9. e4 fxe4 10. Nxe4 Nxe4 11. Rxe4 Nc6 12. Re1 Bf6 13. Bf4 Bd7 14. Qd2 Rae8 15. c5 dxc5 16. dxc5 e5 17. Bxe5 Nxe5 18. Nxe5 Rxe5 19. Qxd7 Rxe1+ 20. Rxe1 Bxb2 21. Bd5+ Kh8 22. Bf7 Qg5 23. Qe7 Qxe7 24. Rxe7 Bd4 25. Rxc7 g6 26. Kg2 Bxc5 27. Rxb7 Rd8 28. Bb3 Rd2 29. Rf7 Rd8 30. Rc7 Bb6 31. Rc2 Kg7 32. Re2 Rd7 33. h4 Bc5 34. h5 Bb4 35. Re4 Bc5 36. Re5 Bd4 37. Rb5 Bb6 38. hxg6 hxg6 39. Rb4 Rd4 40. Rxd4 1/2-1/2

[Event "Dallas, TX"]
[Site "?"]
[Date "2000.02.05"]
[Round "2.4"]
[White "Shulman Yuri"]
[Black "Dejmek Mark W"]
[Result "1-0"]
[WhiteElo "2581"]
[BlackElo "2136"]
[PlyCount "49"]
[EventDate "2000.??.??"]
[Source "www.chesslib.no"]
[SourceDate "2004.05.04"]

1. d4 f5 2. g3 Nf6 3. Bg2 e6 4. Nf3 Be7 5. O-O O-O 6. c4 d6 7. Nc3 Qe8 8. Re1 Qh5 9. e4 fxe4 10. Nxe4 Nxe4 11. Rxe4 Nc6 12. Bf4 Qf5 13. Qe2 Bf6 14. Rd1 g5 15. Bxg5 Bxg5 16. Nxg5 e5 17. Nf3 Qh5 18. Rh4 Qg6 19. dxe5 Bg4 20. h3 Bxf3 21. Bxf3 Nxe5 22. Bd5+ Kh8 23. Be4 Qf6 24. Rxh7+ Kg8 25. Rxc7 1-0

[Event "RUS-Cup"]
[Site "Tula "]
[Date "1999.??.??"]
[Round "6"]
[White "Lopushnoy, Denis"]
[Black "Gavritenkov, Sergei"]
[Result "1/2-1/2"]
[WhiteElo "2399"]
[BlackElo "2312"]
[PlyCount "132"]
[EventDate "1999.??.??"]
[Source "www.chesslib.no"]
[SourceDate "2004.05.04"]

1. Nf3 f5 2. g3 Nf6 3. Bg2 e6 4. O-O Be7 5. c4 O-O 6. Nc3 d6 7. d4 Qe8 8. Re1 Ne4 9. Qc2 Nc6 10. Nxe4 Nb4 11. Qb3 fxe4 12. Qxb4 exf3 13. exf3 a5 14. Qc3 Bf6 15. f4 Qh5 16. Be3 Ra6 17. Qd2 Kh8 18. Rac1 e5 19. d5 exf4 20. Bxf4 b6 21. Be3 Qg4 22. f4 Ra8 23. Bd4 Bd8 24. Re3 Bd7 25. Rce1 Qg6 26. Be4 Qh6 27. Qd3 Kg8 28. Bf3 Bf6 29. Qc3 Rae8 30. Rxe8 Rxe8 31. Rxe8+ Bxe8 32. Bxf6 gxf6 33. Qe3 Kf8 34. Qe6 Qg7 35. Bg4 Qe7 36. Qxe7+ Kxe7 37. Bf5 h6 38. Kf2 Bh5 39. g4 Be8 40. Ke3 Ba4 41. b3 Be8 42. a3 Bf7 43. Kd4 Be8 44. h4 Kf8 45. Kc3 Ke7 46. h5 Kf8 47. Be4 Bd7 48. Bf3 Ke7 49. b4 Ba4 50. bxa5 bxa5 51. Kd4 Kf7 52. c5 Kg7 53. Kc4 Kf8 54. Be4 Ke7 55. Kd4 Kf7 56. c6 Bd1 57. Bf5 Kg7 58. Ke3 Bb3 59. Be6 Bd1 60. Kf2 Bc2 61. Kg3 Bd1 62. Bf5 Bb3 63. Be4 Bd1 64. Kh4 Be2 65. g5 fxg5+ 66. fxg5 Bd1 1/2-1/2

[Event "Ch Hungary team"]
[Site "?"]
[Date "2001.??.??"]
[Round "10"]
[White "Deak Sandor"]
[Black "Jevtic Miodrag"]
[Result "1-0"]
[WhiteElo "2336"]
[BlackElo "2366"]
[PlyCount "36"]
[EventDate "2001.??.??"]
[Source "www.chesslib.no"]
[SourceDate "2004.05.04"]

1. d4 e6 2. c4 f5 3. Nf3 Nf6 4. g3 Be7 5. Bg2 O-O 6. O-O d6 7. Nc3 Qe8 8. Rb1 Qg6 9. Qb3 c6 10. Bg5 d5 11. Rbc1 Nbd7 12. Bh4 Bd6 13. Bg5 Ne4 14. Bf4 Be7 15. cxd5 exd5 16. Nxd5 cxd5 17. Rxc8 Raxc8 18. Qxd5+ Rf7 1-0

[Event "Budapest FS07 IM-C"]
[Site "Budapest"]
[Date "2002.07.11"]
[Round "6"]
[White "Dobos, Jozsef"]
[Black "Boe Olsen, Mads"]
[Result "0-1"]
[WhiteElo "2311"]
[BlackElo "2390"]
[PlyCount "110"]
[EventDate "2002.07.06"]
[Source "ChessBase"]
[SourceDate "2002.09.11"]

1. d4 f5 2. g3 Nf6 3. Bg2 e6 4. Nf3 Be7 5. O-O O-O 6. c4 d6 7. Nc3 Qe8 8. Nd2 e5 9. dxe5 dxe5 10. Nd5 Bd8 11. b3 c6 12. Nxf6+ Bxf6 13. Ba3 Rf7 14. Rc1 Be6 15. Qc2 Rd7 16. e4 f4 17. gxf4 exf4 18. Nf3 Na6 19. e5 Be7 20. Bxe7 Qxe7 21. Rcd1 Rf8 22. Rxd7 Bxd7 23. Qd2 Bg4 24. Qd6 Re8 25. Qd4 Bxf3 26. Bxf3 Qxe5 27. Qxa7 Nc5 28. Bd5+ Ne6 29. Bxe6+ Rxe6 30. f3 h6 31. Qf2 b5 32. Rd1 bxc4 33. bxc4 Qc3 34. a4 Qxc4 35. a5 Re2 36. Qb6 Ra2 37. Qb8+ Kf7 38. Qb7+ Kg6 39. Kh1 Rxh2+ 40. Kxh2 Qe2+ 41. Kh3 Qxf3+ 42. Kh2 Qe2+ 43. Kh3 Qf3+ 44. Kh2 Qxd1 45. Qxc6+ Kh5 46. a6 Qe2+ 47. Kh3 Qg4+ 48. Kh2 Qg3+ 49. Kh1 f3 50. Qb5+ g5 51. Qf1 f2 52. a7 Qf3+ 53. Kh2 g4 54. Qg2 Qf4+ 55. Qg3 f1=N+ 0-1

[Event "ch-ESP Team, Ampuriabrava ESP"]
[Site "?"]
[Date "1997.??.??"]
[Round "?"]
[White "Oms Pallise, J."]
[Black "Vega, F."]
[Result "1/2-1/2"]
[WhiteElo "2445"]
[BlackElo "2255"]
[PlyCount "124"]
[EventDate "1997.??.??"]
[Source "www.chesslib.no"]
[SourceDate "2004.05.04"]

1. Nf3 f5 2. g3 Nf6 3. Bg2 d6 4. d4 e6 5. c4 Be7 6. O-O O-O 7. Nc3 Qe8 8. Bg5 Nbd7 9. Qc2 c6 10. e4 Nxe4 11. Nxe4 fxe4 12. Qxe4 Nf6 13. Qe2 Qh5 14. Rfe1 Bd7 15. Rad1 Rae8 16. Bxf6 gxf6 17. d5 cxd5 18. cxd5 e5 19. Qe3 f5 20. Qxa7 f4 21. Nxe5 dxe5 22. d6 Bg5 23. Qxb7 Be6 24. d7 fxg3 25. hxg3 Rd8 26. Bd5 Qf7 27. Bxe6 Qxe6 28. Qc7 Qf7 29. Re2 Bf6 30. b3 Kh8 31. Qc6 Qh5 32. Qe4 Bg7 33. Kg2 Qf7 34. Red2 Qe6 35. Rd6 Qe7 36. Rh1 Bf6 37. Qc6 Qg7 38. a4 Be7 39. Rdh6 Rf6 40. Rxh7+ Qxh7 41. Rxh7+ Kxh7 42. Qe4+ Kg7 43. a5 Kf8 44. Qb7 Rd6 45. b4 R8xd7 46. Qe4 Rf6 47. b5 Rd2 48. Qe3 Rfxf2+ 49. Qxf2+ Rxf2+ 50. Kxf2 Bb4 51. a6 Bc5+ 52. Kf3 Kf7 53. Ke4 Ke6 54. g4 Bb6 55. g5 Bd4 56. g6 Kf6 57. Kd5 Kxg6 58. Kc6 e4 59. Kd5 e3 60. Kxd4 e2 61. a7 e1=Q 62. a8=Q Qb4+ 1/2-1/2

[Event "Gyongyos Open"]
[Site "Gyongyos"]
[Date "1994.??.??"]
[Round "?"]
[White "Lavrov, Andrey"]
[Black "Sutorikhin, Vladimir"]
[Result "1/2-1/2"]
[WhiteElo "2355"]
[BlackElo "2335"]
[PlyCount "22"]
[EventDate "1994.??.??"]
[Source "www.chesslib.no"]
[SourceDate "2004.05.04"]

1. d4 e6 2. c4 f5 3. g3 Nf6 4. Bg2 Be7 5. Nf3 d6 6. O-O O-O 7. Nc3 Qe8 8. Re1 Qh5 9. e4 fxe4 10. Nxe4 Nc6 11. Nc3 Nd8 1/2-1/2

[Event "Cappelle Open"]
[Site "Cappelle la Grande FRA"]
[Date "1994.??.??"]
[Round "3"]
[White "Oei, Hway Ik"]
[Black "Lupu, Mircea-Sergiu"]
[Result "0-1"]
[WhiteElo "2255"]
[BlackElo "2430"]
[PlyCount "78"]
[EventDate "1994.02.??"]
[Source "www.chesslib.no"]
[SourceDate "2004.05.04"]

1. d4 e6 2. c4 f5 3. Nf3 Nf6 4. Nc3 Be7 5. g3 O-O 6. Bg2 d6 7. O-O Qe8 8. Re1 Qh5 9. Qc2 Kh8 10. e4 fxe4 11. Nxe4 Nc6 12. Bf4 e5 13. dxe5 dxe5 14. Bg5 Bg4 15. Bxf6 gxf6 16. Ned2 Nb4 17. Qb3 Rfd8 18. Re3 Bc5 19. Rc3 a5 20. Ne4 Be7 21. Re3 a4 22. Qc3 Nc6 23. a3 Qh6 24. Ree1 Qg7 25. h3 Bxf3 26. Bxf3 f5 27. Nd2 e4 28. Nxe4 fxe4 29. Qxg7+ Kxg7 30. Bxe4 Bf6 31. Bd5 Nd4 32. Bxb7 Rab8 33. Be4 Rxb2 34. Rad1 Rb3 35. f4 Rxg3+ 36. Kh2 Rxa3 37. Rg1+ Kh6 38. Bd5 Re8 39. Rg2 Re2 0-1

[Event "URU-ch"]
[Site "URU"]
[Date "1997.??.??"]
[Round "?"]
[White "Guerrero, Alvaro"]
[Black "Izquierdo, Daniel"]
[Result "0-1"]
[WhiteElo "2250"]
[BlackElo "2430"]
[PlyCount "88"]
[EventDate "1997.??.??"]
[Source "www.chesslib.no"]
[SourceDate "2004.05.04"]

1. d4 e6 2. Nf3 f5 3. c4 Nf6 4. g3 Be7 5. Bg2 O-O 6. O-O d6 7. Nc3 Qe8 8. b4 Bd8 9. c5 d5 10. a4 Nbd7 11. b5 Ne4 12. Qb3 c6 13. Bb2 Qh5 14. Rad1 g5 15. Nd2 Nxd2 16. Rxd2 Bc7 17. e4 fxe4 18. Nxe4 dxe4 19. bxc6 bxc6 20. Qxe6+ Qf7 21. Qxc6 Ba5 22. Re2 Rb8 23. Ba1 Nf6 24. d5 Qxd5 25. Bxe4 Qxc6 26. Bxc6 Ba6 27. Bb5 Bxb5 28. axb5 Rxb5 29. Re6 Bd8 30. c6 Nd5 31. Rd6 Bc7 32. Rd7 Rf7 33. Bd4 a5 34. Re1 Kf8 35. Be5 a4 36. Bxc7 Nxc7 37. Red1 a3 38. Rxf7+ Kxf7 39. Rd7+ Ke6 40. Rxc7 a2 41. Ra7 Rb1+ 42. Kg2 a1=Q 43. c7 Rg1+ 44. Kh3 Qc3 0-1

[Event "JUG Cup"]
[Site "Ulcinj"]
[Date "1998.??.??"]
[Round "5"]
[White "Atalik, Suat"]
[Black "Jevtic, Bojana"]
[Result "0-1"]
[WhiteElo "2595"]
[BlackElo "2075"]
[PlyCount "57"]
[EventDate "1998.??.??"]
[Source "www.chesslib.no"]
[SourceDate "2004.05.04"]

1. d4 e6 2. c4 f5 3. g3 Nf6 4. Bg2 Be7 5. Nf3 O-O 6. O-O d6 7. Nc3 Qe8 8. Re1 Qg6 9. e4 Nxe4 10. Nxe4 fxe4 11. Rxe4 Bf6 12. Re1 Nc6 13. Bf4 Nb4 14. Re2 Nd3 15. Be3 e5 16. h3 Bf5 17. Rd2 Rae8 18. dxe5 Nxe5 19. Nxe5 Bxe5 20. Bd4 Be4 21. Bxe5 Rxe5 22. f4 Re7 23. Kh2 Bxg2 24. Rxg2 Qe4 25. Rc1 b6 26. b4 h6 27. Rcc2 Rfe8 28. Qd5+ Kh7 29. h4 0-1

[Event "Helsinki FIN"]
[Site "?"]
[Date "2006.06.18"]
[Round "9"]
[White "Norri Joose"]
[Black "Keskinen Sauli"]
[Result "1/2-1/2"]
[WhiteElo "2368"]
[BlackElo "2301"]
[PlyCount "86"]
[EventDate "2006.??.??"]
[Source "www.chesslib.no"]
[SourceDate "2004.05.04"]

1. Nf3 f5 2. d4 Nf6 3. g3 e6 4. Bg2 Be7 5. O-O O-O 6. c4 d6 7. Nc3 Qe8 8. Re1 Ne4 9. Nxe4 fxe4 10. Ng5 Bxg5 11. Bxg5 Qg6 12. Be3 Nd7 13. f3 Nf6 14. Rc1 Bd7 15. Rc3 Bc6 16. Bf2 Rae8 17. b4 b6 18. b5 Bb7 19. a4 e5 20. dxe5 Rxe5 21. Bd4 Re7 22. f4 Bc8 23. e3 Bg4 24. Qd2 Kh8 25. a5 Qh5 26. axb6 axb6 27. Ra3 Bf3 28. Bf1 Qg4 29. Qf2 h5 30. h3 Qf5 31. Rea1 g5 32. Ra8 Rxa8 33. Rxa8+ Kg7 34. Kh2 Kh7 35. Ra7 Rg7 36. Qb2 gxf4 37. Bxf6 fxg3+ 38. Kg1 Rf7 39. Bd8 Bh1 40. Qe2 Bf3 41. Qb2 Qc8 42. Bg5 Qf5 43. Bd8 g2 1/2-1/2

[Event "World op 31st"]
[Site "?"]
[Date "2003.07.06"]
[Round "9"]
[White "Mikhailuk Slava"]
[Black "Shivaji Shivkumar"]
[Result "1-0"]
[WhiteElo "2442"]
[BlackElo "2225"]
[PlyCount "68"]
[EventDate "2003.??.??"]
[Source "www.chesslib.no"]
[SourceDate "2004.05.04"]

1. c4 f5 2. Nc3 Nf6 3. Nf3 e6 4. d4 Be7 5. g3 O-O 6. Bg2 d6 7. O-O Qe8 8. Qd3 Qh5 9. e4 e5 10. dxe5 dxe5 11. Nd5 Bd8 12. exf5 Bxf5 13. Qb3 Bc8 14. Ng5 Nc6 15. c5 Kh8 16. Nxf6 Bxf6 17. Bf3 Qe8 18. Qd3 Bf5 19. Qxf5 Bxg5 20. Qe4 Bxc1 21. Raxc1 Qf7 22. Bg2 Qxa2 23. b4 a6 24. Rb1 Qd2 25. Qh4 Rf6 26. Bxc6 bxc6 27. Rfd1 Qc2 28. Rd7 Qf5 29. Rxc7 Raf8 30. Qc4 h6 31. Re7 Rd8 32. Qe2 Rd4 33. Ra1 Qc8 34. Rxa6 Qb8 1-0

[Event "Moravia-ch op"]
[Site "?"]
[Date "1996.??.??"]
[Round "?"]
[White "Murashko Vyacheslav L"]
[Black "Rotshtein Efim"]
[Result "0-1"]
[WhiteElo "2340"]
[BlackElo "2310"]
[PlyCount "149"]
[EventDate "1996.??.??"]
[Source "www.chesslib.no"]
[SourceDate "2004.05.04"]

1. c4 f5 2. Nf3 Nf6 3. g3 d6 4. d4 e6 5. Bg2 Be7 6. O-O O-O 7. Nc3 Qe8 8. Re1 Ne4 9. Qc2 Qg6 10. Nd2 Nxc3 11. Qxc3 Nc6 12. d5 Nd8 13. e4 f4 14. e5 dxe5 15. Qxe5 fxg3 16. hxg3 Bd6 17. Qd4 e5 18. Qe3 b6 19. Ne4 Bf5 20. Bd2 a5 21. Nxd6 cxd6 22. Qxb6 Nf7 23. b3 h5 24. Qe3 Nh6 25. Qg5 Qf7 26. c5 dxc5 27. Rxe5 Bd3 28. Bf4 Ra6 29. Re7 Qg6 30. Qxg6 Rxg6 31. Bxh6 Rxh6 32. Rd1 c4 33. bxc4 Bxc4 34. d6 Rd8 35. d7 Re6 36. Rxe6 Bxe6 37. Bc6 Kf7 38. a4 Ke7 39. Rb1 Kd6 40. Bb5 g5 41. Rd1+ Ke7 42. Rd4 Bxd7 43. Rd5 Be6 44. Rxg5 Rd1+ 45. Kh2 Bd5 46. Bf1 Kf6 47. Rxh5 Bf7 48. Rxa5 Rxf1 49. Kg2 Ra1 50. g4 Be6 51. f3 Bd7 52. Ra6+ Ke5 53. a5 Be6 54. g5 Bd5 55. Rf6 Rxa5 56. Kg3 Ra3 57. Rf8 Be6 58. g6 Ra1 59. f4+ Ke4 60. Rf6 Bf5 61. Kf2 Ra2+ 62. Kg1 Ra3 63. Kf2 Rf3+ 64. Ke2 Rg3 65. Kd2 Bxg6 66. Re6+ Kxf4 67. Rd6 Be4 68. Rd8 Ke5 69. Re8+ Kd4 70. Rd8+ Bd5 71. Kc2 Rg2+ 72. Kc1 Ke4 73. Rd7 Bc4 74. Rd8 Ke3 75. Rd7 0-1

[Event "Buenos Aires FMDA"]
[Site "Buenos Aires"]
[Date "1990.??.??"]
[Round "7"]
[White "Marcussi, Bartolome"]
[Black "Bianchi, Guillermo"]
[Result "1/2-1/2"]
[WhiteElo "2230"]
[BlackElo "2415"]
[PlyCount "81"]
[EventDate "1990.??.??"]
[Source "www.chesslib.no"]
[SourceDate "2004.05.04"]

1. d4 f5 2. Nf3 e6 3. c4 Nf6 4. g3 Be7 5. Bg2 O-O 6. Nc3 d6 7. O-O Qe8 8. Re1 Qg6 9. e4 fxe4 10. Nxe4 Nxe4 11. Rxe4 Nc6 12. Qe2 Bf6 13. d5 exd5 14. cxd5 Ne5 15. Nxe5 Bxe5 16. Rc4 Bf5 17. Rxc7 Bd3 18. Qe1 Rae8 19. Be3 Bxb2 20. Rd1 Ba6 21. Qd2 Qg4 22. Rb1 Bf6 23. Rb4 Qh5 24. h3 Rf7 25. Rxf7 Qxf7 26. Be4 Qd7 27. Kg2 Rc8 28. Bd4 Bxd4 29. Rxd4 b6 30. Qg5 Rf8 31. Qh5 h6 32. Qg6 Rf6 33. Qh7+ Kf7 34. Bg6+ Rxg6 35. Rf4+ Rf6 36. Rg4 Kf8 37. Qh8+ Ke7 38. Re4+ Kf7 39. Rg4 Ke7 40. Re4+ Kf7 41. Rg4 1/2-1/2

[Event "Oberliga Ost A9899"]
[Site "GER"]
[Date "1999.??.??"]
[Round "?"]
[White "Mueller, Michael"]
[Black "Brueggemann, Joachim"]
[Result "1/2-1/2"]
[WhiteElo "2315"]
[BlackElo "2330"]
[PlyCount "127"]
[EventDate "1998.??.??"]
[Source "www.chesslib.no"]
[SourceDate "2004.05.04"]

1. d4 e6 2. Nf3 f5 3. g3 Nf6 4. Bg2 Be7 5. O-O O-O 6. c4 d6 7. Nc3 Qe8 8. b4 Nc6 9. a3 Ne4 10. Bb2 Bf6 11. Rc1 Bd7 12. e3 Nxc3 13. Bxc3 Nd8 14. Ne1 Bc6 15. d5 Ba4 16. Qd2 e5 17. Nd3 a6 18. e4 Bd7 19. Rce1 fxe4 20. Bxe4 Bh3 21. Bg2 Bf5 22. f4 Qg6 23. Re3 Bxd3 24. Qxd3 Qxd3 25. Rxd3 exf4 26. Rxf4 Bxc3 27. Rxf8+ Kxf8 28. Rxc3 Nf7 29. c5 Ke7 30. h4 Ne5 31. Bh3 h6 32. Kg2 a5 33. Be6 axb4 34. axb4 Ra2+ 35. Kh3 Rb2 36. cxd6+ Kxd6 37. Ra3 Rxb4 38. Ra8 g5 39. hxg5 hxg5 40. Rd8+ Kc5 41. Rg8 g4+ 42. Kh4 b5 43. Kg5 Re4 44. Kf5 Re3 45. Rc8 Kb6 46. Rb8+ Ka6 47. Kf4 Re1 48. Bc8+ Ka5 49. Rb7 c5 50. dxc6 Nxc6 51. Kxg4 b4 52. Bf5 Nd4 53. Rd7 Nxf5 54. Kxf5 Rf1+ 55. Kg5 b3 56. Rb7 Ka4 57. g4 Ka3 58. Ra7+ Kb4 59. Rb7+ Kc4 60. Kg6 Rf4 61. g5 Kc3 62. Kh5 Rb4 63. Rxb4 Kxb4 64. g6 1/2-1/2

[Event "Mayo Cup 5th"]
[Site "?"]
[Date "2001.??.??"]
[Round "?"]
[White "Ferrera Benjamin"]
[Black "Frey Beckman Kenneth"]
[Result "1/2-1/2"]
[WhiteElo "2240"]
[BlackElo "2400"]
[PlyCount "128"]
[EventDate "2001.??.??"]
[Source "www.chesslib.no"]
[SourceDate "2004.05.04"]

1. c4 e6 2. Nf3 f5 3. Nc3 Nf6 4. g3 Be7 5. Bg2 O-O 6. O-O d6 7. d4 Qe8 8. d5 e5 9. b3 Qh5 10. Ng5 Ng4 11. Nh3 Nd7 12. f3 Nh6 13. Nf2 Nf6 14. e4 fxe4 15. Ncxe4 Nxe4 16. Nxe4 Bh3 17. Bxh3 Qxh3 18. Bxh6 Qxh6 19. Qc1 Qh5 20. Qe3 a5 21. a4 b6 22. Kg2 Rf7 23. Ra2 Raf8 24. Raf2 Qg6 25. Nc3 Bg5 26. Qe4 Qh6 27. Qg4 Be3 28. Re2 Bd4 29. Ne4 Rf5 30. h4 Bc5 31. Ng5 Qg6 32. Qe4 h6 33. Ne6 R8f7 34. Ree1 R5f6 35. Qxg6 Rxg6 36. f4 Bb4 37. Re2 Rgf6 38. Rd1 exf4 39. Nxf4 Bc3 40. Re8+ Rf8 41. Rxf8+ Rxf8 42. Ne6 Rc8 43. g4 Kf7 44. Rf1+ Ke7 45. Rf3 Be5 46. Re3 Kd7 47. g5 hxg5 48. hxg5 c6 49. Rf3 cxd5 50. cxd5 Ke7 51. g6 Rc2+ 52. Kf1 Bf6 53. Nxg7 Bxg7 54. Rf7+ Ke8 55. Rxg7 Kf8 56. Rb7 Rb2 57. Rxb6 Kg7 58. Rxd6 Rxb3 59. Ra6 Ra3 60. Rxa5 Kxg6 61. Ke2 Kf5 62. d6+ Ke6 63. Rd5 Kd7 64. Rd4 Rc3 1/2-1/2

[Event "Mar del Plata Open"]
[Site "Mar del Plata ARG"]
[Date "1994.??.??"]
[Round "2"]
[White "Vescovi, Giovanni P"]
[Black "Massenzano, Gerardo"]
[Result "1-0"]
[WhiteElo "2430"]
[BlackElo "2205"]
[PlyCount "119"]
[EventDate "1994.04.??"]
[Source "www.chesslib.no"]
[SourceDate "2004.05.04"]

1. d4 f5 2. c4 Nf6 3. Nc3 e6 4. g3 Be7 5. Bg2 O-O 6. Nf3 d6 7. O-O Qe8 8. Nd2 c6 9. e4 e5 10. dxe5 dxe5 11. exf5 Bxf5 12. Qe2 Nbd7 13. Nde4 Nc5 14. b3 Rd8 15. Nxf6+ Bxf6 16. Ne4 Be7 17. Bb2 Nd3 18. Bc3 Nc5 19. Rad1 Rxd1 20. Rxd1 Qg6 21. Nd2 Bd3 22. Qe3 Nd7 23. Ne4 Bxe4 24. Bxe4 Qg4 25. Bxh7+ Kxh7 26. Qd3+ Rf5 27. Qxd7 Bc5 28. Rf1 Qf3 29. Qd2 Rh5 30. b4 Be7 31. Re1 Bf6 32. Qe2 Qxe2 33. Rxe2 Rf5 34. Kg2 Kg6 35. h3 Kf7 36. Re4 Be7 37. a3 a5 38. bxa5 Bxa3 39. Rxe5 Rxe5 40. Bxe5 Bb4 41. Bc7 Ke6 42. f4 Bc3 43. h4 g6 44. Kf2 Bd2 45. Ke2 Bc3 46. Kf2 Kf5 47. Kf3 Be1 48. Bb6 Ke6 49. Bf2 Bxa5 50. c5 Kf5 51. g4+ Ke6 52. Ke4 Bd8 53. h5 gxh5 54. gxh5 Kf7 55. Bd4 Be7 56. h6 Kg6 57. f5+ Kxh6 58. f6 Bf8 59. Kf5 Kh7 60. Be3 1-0

[Event "Abu Dhabi (14eme open)"]
[Site "?"]
[Date "2003.08.24"]
[Round "8.9"]
[White "Yehya Ahmed"]
[Black "Amin Bassem"]
[Result "0-1"]
[WhiteElo "2290"]
[BlackElo "2342"]
[PlyCount "80"]
[EventDate "2003.??.??"]
[Source "www.chesslib.no"]
[SourceDate "2004.05.04"]

1. d4 f5 2. Nf3 e6 3. g3 Nf6 4. Bg2 Be7 5. O-O O-O 6. c4 d6 7. Nc3 Qe8 8. Bg5 Qg6 9. Rc1 c6 10. b4 e5 11. dxe5 dxe5 12. h4 e4 13. Ne5 Qe8 14. Bf4 Bxb4 15. Qb3 Bc5 16. Rfd1 Nh5 17. Na4 Nxf4 18. gxf4 Be7 19. c5+ Kh8 20. Nc4 Na6 21. Nd6 Bxd6 22. Rxd6 Qe7 23. Rcd1 Nc7 24. Nc3 Ne6 25. e3 Nxc5 26. Qa3 Nd7 27. Qa5 Nb6 28. Bf1 Be6 29. Qe5 Rae8 30. a4 Nc8 31. R6d2 Qxh4 32. Qc7 Qe7 33. Rd7 Bxd7 34. Rxd7 Qf6 35. Ne2 Nb6 36. Rd6 Qe7 37. Qxe7 Rxe7 38. Nd4 Nc8 39. Nxf5 Nxd6 40. Nxe7 Re8 0-1

[Event "Gyongyos Open"]
[Site "Gyongyos"]
[Date "1994.??.??"]
[Round "?"]
[White "Horvath, Imre"]
[Black "Sapi, Janos"]
[Result "1/2-1/2"]
[WhiteElo "2390"]
[BlackElo "2240"]
[PlyCount "28"]
[EventDate "1994.??.??"]
[Source "www.chesslib.no"]
[SourceDate "2004.05.04"]

1. d4 e6 2. c4 f5 3. Nf3 Nf6 4. g3 Be7 5. Bg2 O-O 6. O-O d6 7. Nc3 Qe8 8. Re1 Nbd7 9. e4 fxe4 10. Nxe4 Nxe4 11. Rxe4 Nf6 12. Re1 Qh5 13. b3 Bd7 14. Bb2 Rae8 1/2-1/2

[Event "JUG Ch"]
[Site "Kladovo"]
[Date "1991.??.??"]
[Round "5"]
[White "Tesic, Dragan"]
[Black "Rasidovic, Sead"]
[Result "0-1"]
[WhiteElo "2265"]
[BlackElo "2365"]
[PlyCount "110"]
[EventDate "1991.02.??"]
[Source "www.chesslib.no"]
[SourceDate "2004.05.04"]

1. d4 e6 2. c4 f5 3. Nf3 Nf6 4. g3 d6 5. Bg2 Be7 6. O-O O-O 7. Nc3 Qe8 8. Re1 Qg6 9. e4 fxe4 10. Nxe4 Nxe4 11. Rxe4 Nc6 12. Qe2 Bf6 13. Bh3 e5 14. Bxc8 Raxc8 15. d5 Nb8 16. Bd2 Nd7 17. b4 Rf7 18. Be1 Rcf8 19. Nd2 Bg5 20. Rg4 Nf6 21. Ne4 Nxg4 22. Qxg4 Rf5 23. Rd1 h5 24. Qe2 Rf3 25. Rd3 Rxd3 26. Qxd3 Qf5 27. h4 Be7 28. Kg2 g5 29. hxg5 Bxg5 30. f3 Rf7 31. Bf2 h4 32. gxh4 Be7 33. c5 Rg7+ 34. Kf1 Bxh4 35. cxd6 cxd6 36. Bxh4 Qh3+ 37. Ke2 Qxh4 38. Qb5 Qd8 39. Kd3 Kf8 40. Qc4 Rc7 41. Qb3 Qd7 42. b5 Qh3 43. Ke3 Qh6+ 44. Kd3 Qc1 45. b6 Qf1+ 46. Ke3 Qg1+ 47. Nf2 Qe1+ 48. Kd3 axb6 49. Ne4 Qf1+ 50. Ke3 Qg1+ 51. Ke2 Qd4 52. Kf1 Rc1+ 53. Kg2 Qg1+ 54. Kh3 Qg6 55. Nf2 Rg1 0-1